L'Organisation internationale de la francophonie - Statistiques

Statistiques générales
  • Ce quiz a été pris 36 fois
  • Le résultat moyen est 36 sur 87
Statistiques - réponses
Hint Réponse % Correct
ETAT MEMBRE EUROPE 1996 67 % Suisse
85%
ETAT MEMBRE EUROPE 1970 97 % France
81%
ETAT MEMBRE EUROPE 1970 76 % Belgique
73%
ETAT MEMBRE EUROPE 1970 92 % Luxembourg
73%
ETAT MEMBRE EUROPE 2004 70 % Andorre
62%
ETAT MEMBRE AMERIQUE 1970 29 % Canada
62%
GOUVERNEMENT MEMBRE AMERIQUE 1971 93 % Canada {Québec}
62%
ETAT MEMBRE AFRIQUE 1981 36 % Maroc
62%
ETAT MEMBRE AFRIQUE 1970 52 % Tunisie
62%
ETAT MEMBRE AFRIQUE 1970 17 % Mali
58%
ETAT MEMBRE AFRIQUE 1977 51 % RD Congo
58%
ETAT MEMBRE ASIE 1970 1 % Vietnam
58%
ETAT MEMBRE AFRIQUE 1991 41 % Cameroun
54%
ETAT MEMBRE AFRIQUE 1981 61 % Congo
54%
ETAT MEMBRE ASIE 1991 3 % Laos
54%
ETAT MEMBRE EUROPE 1970 97 % Monaco
54%
ETAT MEMBRE AFRIQUE 1970 13 % Niger
54%
ETAT MEMBRE AFRIQUE 1970 26 % Sénégal
54%
ETAT MEMBRE ASIE 1993 3 % Cambodge
50%
ETAT MEMBRE AMERIQUE 1970 42 % Haïti
50%
ETAT MEMBRE AFRIQUE 1989 26 % Madagascar
50%
OBSERVATEUR ASIE 2008 1 % Thaïlande
50%
ETAT MEMBRE ASIE 1973 38 % Liban
46%
ETAT MEMBRE AFRIQUE 1970 13 % Tchad
46%
ETAT MEMBRE AFRIQUE 1970 41 % Togo
46%
ETAT MEMBRE EUROPE 1999 1 % Albanie
42%
ETAT MEMBRE AFRIQUE 1970 34 % Bénin
42%
ETAT MEMBRE AFRIQUE 1977 26 % Comores
42%
ETAT MEMBRE AFRIQUE 1970 34 % Côte d'ivoire
42%
ETAT MEMBRE AFRIQUE 1977 50 % Djibouti
42%
ETAT MEMBRE AFRIQUE 1983 3 % Egypte
42%
OBSERVATEUR AMERIQUE 2018 2 % Etats-Unis {Louisiane}
42%
ETAT MEMBRE AFRIQUE 1970 65 % Gabon
42%
ETAT MEMBRE EUROPE 2004 7 % Grèce
42%
ETAT MEMBRE AFRIQUE 1981 27 % Guinée
42%
OBSERVATEUR EUROPE 2018 13 % Irlande
42%
MEMBRE ASSOCIE EUROPE 2006 4 % Serbie
42%
OBSERVATEUR AMERIQUE 2016 NC Argentine
38%
OBSERVATEUR EUROPE 2004 13 % Autriche
38%
ETAT MEMBRE AFRIQUE 1970 24 % Burkina Faso
38%
OBSERVATEUR EUROPE 2004 2 % Croatie
38%
OBSERVATEUR EUROPE 2010 1 % Estonie
38%
OBSERVATEUR ASIE/EUROPE 2004 0.4 % Géorgie
38%
ETAT MEMBRE AFRIQUE 1989 29 % Guinée équatoriale
38%
OBSERVATEUR EUROPE 2004 1 % Hongrie
38%
MEMBRE ASSOCIE EUROPE 2014 1 % Kosovo
38%
OBSERVATEUR EUROPE 2008 1 % Lettonie
38%
OBSERVATEUR EUROPE 2018 13 % Malte
38%
ETAT MEMBRE AFRIQUE 1980 13 % Mauritanie
38%
OBSERVATEUR AMERIQUE 2014 0.02 % Mexique
38%
ETAT MEMBRE EUROPE 1996 1 % Moldavie
38%
ETAT MEMBRE EUROPE 1993 12 % Roumanie
38%
ETAT MEMBRE AFRIQUE 1970 6 % Rwanda
38%
OBSERVATEUR EUROPE 2002 2 % Slovaquie
38%
OBSERVATEUR EUROPE 1999 2 % Slovénie
38%
OBSERVATEUR EUROPE 2006 0.1 % Ukraine
38%
ETAT MEMBRE ASIE 2004 0.3 % Arménie
35%
OBSERVATEUR EUROPE 2010 1 % Bosnie-Herzégovine
35%
OBSERVATEUR AMERIQUE 2016 11 % Canada {Ontario}
35%
ETAT MEMBRE AFRIQUE 1973 29 % Centrafrique
35%
OBSERVATEUR ASIE 2016 NC Corée-du-Sud
35%
MEMBRE ASSOCIE ASIE 2010 3 % Emirats Arabes Unis
35%
OBSERVATEUR AFRIQUE 2018 20 % Gambie
35%
MEMBRE ASSOCIE AFRIQUE 2006 1 % Ghana
35%
ETAT MEMBRE AFRIQUE 1979 15 % Guinée Bissau
35%
OBSERVATEUR EUROPE 1999 2 % Lituanie
35%
ETAT MEMBRE EUROPE 2006 2 % Macédoine
35%
OBSERVATEUR EUROPE 2010 2 % Monténégro
35%
OBSERVATEUR EUROPE 1997 3 % Pologne
35%
MEMBRE ASSOCIE ASIE 2012 4 % Qatar
35%
ETAT MEMBRE EUROPE 1993 2 % Bulgarie
31%
ETAT MEMBRE AFRIQUE 1970 9 % Burundi
31%
ETAT MEMBRE AFRIQUE 1996 11 % Cap vert
31%
ETAT MEMBRE AFRIQUE 1970 73 % Maurice
31%
OBSERVATEUR AFRIQUE 2006 0.3 % Mozambique
31%
MEMBRE ASSOCIE ASIE 2006 7 % Chypre
27%
OBSERVATEUR AMERIQUE 2014 0.1 % Costa Rica
27%
ETAT MEMBRE AMERIQUE 1979 10 % Dominique
27%
MEMBRE ASSOCIE EUROPE 2016 99 % France {Nouvelle-Calédonie}
27%
ETAT MEMBRE AFRIQUE 1976 53 % Seychelles
27%
ETAT MEMBRE AMERIQUE 1981 2 % Sainte-Lucie
23%
ETAT MEMBRE AMERIQUE 1999 20 % Sao Tomé-et-Principe
23%
OBSERVATEUR EUROPE 1999 2 % Tchéquie
23%
ETAT MEMBRE OCEANIE 1979 31 % Vanuatu
23%
GOUVERNEMENT MEMBRE AMERIQUE 1977 42 % Canada {Nouveau-Brunswick}
19%
OBSERVATEUR AMERIQUE 2010 1 % République Dominicaine
19%
GOUVERNEMENT MEMBRE EUROPE 1980 98 % Belgique {Wallonie} et {Bruxelles}
8%
Aucun quiz correspondant
Distribution des résultats
% des personnes avec chaque résultat
Percentile par nombre de réponses
Votre historique - résultats
Vous n’avez pas pris ce quiz